[Event "Banja Luka"]
[Site "Banja Luka"]
[Date "1983.??.??"]
[Round "10"]
[White "Velimirovic, Dragoljub"]
[Black "Bukic, Enver"]
[Result "1/2-1/2"]
[WhiteElo "2485"]
[BlackElo "2470"]
[PlyCount "62"]
[EventDate "1983.04.??"]
[EventType "tourn"]
[EventRounds "13"]
[EventCountry "YUG"]
[EventCategory "9"]
[Source "ChessBase"]
[SourceDate "1999.07.01"]
[WhiteTeamCountry "ARG"]
[BlackTeamCountry "YUG"]

1. e4 c5 2. Nf3 d6 3. d4 cxd4 4. Nxd4 Nf6 5. Nc3 a6 6. Bc4 e6 7. Bb3 b5 8. O-O
Be7 9. f4 O-O 10. Be3 Bb7 11. e5 dxe5 12. fxe5 Nd5 13. Nxd5 Bxd5 14. Qg4 Bc5
15. Rad1 Nc6 16. Bh6 g6 17. Bxf8 Bxd4+ 18. Kh1 Bxb3 19. axb3 Qxf8 20. Rxd4 Nxd4
21. Qxd4 Rc8 22. c3 Rd8 23. Qf4 Rd7 24. h4 h5 25. b4 Qa8 26. Kh2 Qd5 27. Ra1
Qc6 28. b3 Qxc3 29. Rxa6 Rd8 30. Ra7 Rf8 31. Rb7 Qd3 1/2-1/2

[Event "Banja Luka"]
[Site "Banja Luka"]
[Date "1983.??.??"]
[Round "12"]
[White "Velimirovic, Dragoljub"]
[Black "Hulak, Krunoslav"]
[Result "0-1"]
[WhiteElo "2485"]
[BlackElo "2515"]
[PlyCount "100"]
[EventDate "1983.04.??"]
[EventType "tourn"]
[EventRounds "13"]
[EventCountry "YUG"]
[EventCategory "9"]
[Source "ChessBase"]
[SourceDate "1999.07.01"]
[WhiteTeamCountry "ARG"]
[BlackTeamCountry "YUG"]

1. e4 c5 2. Nf3 d6 3. d4 cxd4 4. Nxd4 Nf6 5. Nc3 e6 6. Be3 Be7 7. g4 h6 8. Rg1
Nc6 9. h4 h5 10. gxh5 Nxh5 11. Be2 g6 12. Qd2 a6 13. O-O-O Bd7 14. Bg5 Nf6 15.
f4 Qb6 16. Nb3 O-O-O 17. e5 dxe5 18. fxe5 Be8 19. Qf4 Nd5 20. Nxd5 Rxd5 21.
Bxe7 Nxe7 22. Qf6 Qe3+ 23. Nd2 Qxe5 24. Qxe7 Qxe2 25. Rge1 Qf2 26. Qa3 Qxh4 27.
c4 Rd4 28. Rh1 Rxc4+ 29. Nxc4 Qxc4+ 30. Qc3 Qxc3+ 31. bxc3 Rxh1 32. Rxh1 Kd7
33. Kd2 Ke7 34. Ke3 Bc6 35. Rh8 e5 36. Rg8 Kf6 37. c4 Kg5 38. a3 f5 39. Kd3 f4
40. Rf8 Kg4 41. Rg8 g5 42. Ke2 e4 43. Kf2 e3+ 44. Ke2 Kh4 45. Rg7 g4 46. Rf7
Bf3+ 47. Ke1 Kg5 48. Rf8 g3 49. Kf1 Be4 50. Rg8+ Bg6 0-1

[Event "Banja Luka"]
[Site "Banja Luka"]
[Date "1983.??.??"]
[Round "13"]
[White "Sibarevic, Milenko"]
[Black "Velimirovic, Dragoljub"]
[Result "0-1"]
[WhiteElo "2320"]
[BlackElo "2485"]
[PlyCount "74"]
[EventDate "1983.04.??"]
[EventType "tourn"]
[EventRounds "13"]
[EventCountry "YUG"]
[EventCategory "9"]
[Source "ChessBase"]
[SourceDate "1999.07.01"]
[WhiteTeamCountry "ARG"]
[BlackTeamCountry "YUG"]

1. Nf3 Nf6 2. c4 e6 3. Nc3 Bb4 4. Qc2 O-O 5. d4 c5 6. dxc5 Na6 7. a3 Bxc5 8. e3
b6 9. Bd3 Bb7 10. O-O Be7 11. b4 Rc8 12. Bb2 Nc7 13. e4 Nh5 14. Rfe1 Nf4 15.
Bf1 a5 16. Qd2 f5 17. Qxf4 fxe4 18. Qg3 exf3 19. Nd5 Rf7 20. Nxe7+ Qxe7 21.
bxa5 bxa5 22. Bd3 Ne8 23. Re5 Rc5 24. Rd1 Bc6 25. Rb1 fxg2 26. Bd4 Rxe5 27.
Qxe5 Qxa3 28. Bc3 Rf3 29. Rb8 Qc1+ 30. Be1 Rxd3 31. Rxe8+ Kf7 32. Rh8 Rd1 33.
Qh5+ g6 34. Qxh7+ Kf6 35. Rf8+ Ke5 36. Qh8+ Kd6 37. c5+ Qxc5 0-1

[Event "Bela Crkva op"]
[Site "Bela Crkva"]
[Date "1983.??.??"]
[Round "1"]
[White "Velimirovic, Dragoljub"]
[Black "Petursson, Margeir"]
[Result "1/2-1/2"]
[WhiteElo "2485"]
[BlackElo "2455"]
[PlyCount "118"]
[EventDate "1983.06.??"]
[EventType "swiss"]
[EventRounds "13"]
[EventCountry "YUG"]
[Source "ChessBase"]
[SourceDate "1997.11.17"]
[WhiteTeamCountry "ARG"]
[BlackTeamCountry "YUG"]

1. e4 c5 2. Nf3 Nc6 3. d4 cxd4 4. Nxd4 g6 5. c4 Bg7 6. Be3 Nf6 7. Nc3 O-O 8.
Be2 d6 9. O-O Bd7 10. Re1 Nxd4 11. Bxd4 Bc6 12. Bf1 a5 13. Nd5 Nd7 14. Bxg7
Kxg7 15. Qd4+ e5 16. Qd2 Nc5 17. Rad1 Bxd5 18. Qxd5 Ra6 19. Qd2 Ne6 20. Re3 Rc6
21. Rb3 b6 22. Rd3 Qf6 23. Qe3 Rd8 24. b3 Qf4 25. Qe1 Nd4 26. Kh1 h5 27. g3 Qf6
28. Bg2 h4 29. Kg1 Rdc8 30. f4 b5 31. Rxd4 exd4 32. e5 dxe5 33. Bxc6 Rxc6 34.
cxb5 Rc5 35. fxe5 Qf3 36. Qf1 Qe3+ 37. Qf2 hxg3 38. hxg3 Rxb5 39. Re1 Qxf2+ 40.
Kxf2 Rc5 41. Kf3 Rc2 42. Ke4 Rxa2 43. Kxd4 a4 44. b4 Rb2 45. Kc3 a3 46. Ra1 Rg2
47. b5 Rxg3+ 48. Kb4 Re3 49. b6 Rxe5 50. Rxa3 Re8 51. Kc5 g5 52. b7 Rb8 53. Kc6
Kf6 54. Ra5 g4 55. Kc7 Re8 56. Rd5 Ke6 57. Rd6+ Ke5 58. Rd8 Re7+ 59. Rd7 Re8
1/2-1/2

[Event "Bela Crkva op"]
[Site "Bela Crkva"]
[Date "1983.??.??"]
[Round "5"]
[White "Murshed, Niaz"]
[Black "Velimirovic, Dragoljub"]
[Result "0-1"]
[WhiteElo "2380"]
[BlackElo "2485"]
[PlyCount "110"]
[EventDate "1983.06.??"]
[EventType "swiss"]
[EventRounds "13"]
[EventCountry "YUG"]
[Source "ChessBase"]
[SourceDate "1997.11.17"]
[WhiteTeamCountry "ARG"]
[BlackTeamCountry "YUG"]

1. Nf3 c5 2. c4 g6 3. d4 Bg7 4. d5 Nf6 5. Nc3 O-O 6. e4 d6 7. Bd3 e5 8. Be3 Nh5
9. g3 a6 10. Nh4 Nf4 11. gxf4 Qxh4 12. f5 Nd7 13. Qd2 Nf6 14. Bg5 Qh3 15. O-O-O
h6 16. Be3 Kh7 17. Rdg1 Nh5 18. Qd1 Nf4 19. Rg3 Qh5 20. Qxh5 Nxh5 21. Rg2 Bd7
22. Rhg1 Be8 23. Ne2 b5 24. b3 Bf6 25. Kc2 Rg8 26. f4 Bd7 27. fxg6+ fxg6 28. f5
g5 29. Nc3 Nf4 30. Rd2 Rab8 31. Be2 Rb7 32. h4 gxh4 33. Rxg8 Kxg8 34. cxb5 axb5
35. Bf3 Ra7 36. Bxf4 exf4 37. Rg2+ Kf7 38. a4 bxa4 39. bxa4 Bg5 40. Nb5 Bxb5
41. axb5 h3 42. Rg1 Kf6 43. b6 Rb7 44. Rb1 Ke5 45. Kc3 Bd8 46. Rh1 Rxb6 47.
Rxh3 Bg5 48. Rh1 Ra6 49. Kb3 Kd4 50. Re1 c4+ 51. Kc2 Ra2+ 52. Kb1 Rf2 53. Bh5
c3 54. e5 c2+ 55. Ka1 f3 0-1

[Event "Bela Crkva op"]
[Site "Bela Crkva"]
[Date "1983.??.??"]
[Round "6"]
[White "Velimirovic, Dragoljub"]
[Black "Martinovic, Slobodan"]
[Result "0-1"]
[WhiteElo "2485"]
[BlackElo "2445"]
[PlyCount "112"]
[EventDate "1983.06.??"]
[EventType "swiss"]
[EventRounds "13"]
[EventCountry "YUG"]
[Source "ChessBase"]
[SourceDate "1997.11.17"]
[WhiteTeamCountry "ARG"]
[BlackTeamCountry "YUG"]

1. e4 c5 2. Nf3 d6 3. d4 cxd4 4. Nxd4 Nf6 5. Nc3 Nc6 6. Bc4 Qb6 7. Ndb5 a6 8.
Be3 Qa5 9. Nd4 e6 10. O-O Qc7 11. Bb3 Be7 12. f4 Na5 13. Qf3 O-O 14. f5 Nxb3
15. cxb3 b5 16. Rac1 Qb7 17. b4 Bd7 18. g4 h6 19. h4 exf5 20. Nxf5 Bxf5 21.
Qxf5 Rae8 22. g5 g6 23. Qf3 Nh5 24. Nd5 Bd8 25. gxh6 Qd7 26. Bg5 f6 27. Bd2 Kh7
28. Qg2 Rf7 29. Rfe1 f5 30. Bg5 fxe4 31. Rxe4 Rxe4 32. Qxe4 Ng3 33. Qg2 Qg4 34.
Bxd8 Ne2+ 35. Kh2 Qxg2+ 36. Kxg2 Nxc1 37. Bf6 Nxa2 38. Be7 Rf5 39. Nf6+ Rxf6
40. Bxf6 Kxh6 41. Be7 Nxb4 42. Bxd6 Nd3 43. b4 Kh5 44. Be7 Nf4+ 45. Kg3 Nd5 46.
Bd6 Ne3 47. Kf4 Nf5 48. Be5 Nxh4 49. Bf6 Nf5 50. Ke5 Ne3 51. Kd4 Nc4 52. Kc5 g5
53. Kc6 g4 54. Kb7 g3 55. Kxa6 g2 56. Bd4 Na3 0-1

[Event "Bela Crkva op"]
[Site "Bela Crkva"]
[Date "1983.??.??"]
[Round "11"]
[White "Nikolac, Juraj"]
[Black "Velimirovic, Dragoljub"]
[Result "1-0"]
[WhiteElo "2470"]
[BlackElo "2485"]
[PlyCount "119"]
[EventDate "1983.06.??"]
[EventType "swiss"]
[EventRounds "13"]
[EventCountry "YUG"]
[Source "ChessBase"]
[SourceDate "1997.11.17"]
[WhiteTeamCountry "ARG"]
[BlackTeamCountry "YUG"]

1. d4 Nf6 2. c4 c5 3. d5 g6 4. Nc3 Bg7 5. e4 O-O 6. Bd3 e6 7. h3 exd5 8. exd5
d6 9. Bg5 a6 10. a4 h6 11. Be3 Nbd7 12. Nf3 Ne8 13. Qd2 Kh7 14. g4 Qf6 15. Ke2
Ne5 16. Nxe5 Qxe5 17. f4 Qe7 18. Rag1 f5 19. Rg3 Nf6 20. Rhg1 Ne4 21. Bxe4 fxe4
22. Qc2 Bd7 23. a5 Rae8 24. Qd2 Rf7 25. b3 Qf8 26. Na2 Bd4 27. Rf1 Qg7 28. Kd1
Ref8 29. Kc2 Bxe3 30. Qxe3 Qf6 31. Qxe4 Qd8 32. Qe1 Rxf4 33. Rxf4 Rxf4 34. Re3
Rf7 35. Nc3 Qf8 36. Ne4 Rf4 37. Kb2 g5 38. Qc3 Be8 39. Nxd6 Bg6 40. Qe5 Rf2+
41. Ka3 Bb1 42. Qe7+ Qxe7 43. Rxe7+ Kg6 44. Re6+ Kg7 45. b4 Ra2+ 46. Kb3 Rh2
47. Re3 cxb4 48. Kxb4 Ra2 49. Re7+ Kf6 50. Re6+ Kg7 51. Nf5+ Bxf5 52. gxf5 Rh2
53. Rg6+ Kf7 54. Rxh6 g4 55. h4 g3 56. Rg6 Rxh4 57. Rxg3 Kf6 58. Kc5 Rh1 59.
Rb3 Rh7 60. d6 1-0

[Event "Bela Crkva op"]
[Site "Bela Crkva"]
[Date "1983.??.??"]
[Round "13"]
[White "Velimirovic, Dragoljub"]
[Black "Rukavina, Josip"]
[Result "1-0"]
[WhiteElo "2485"]
[BlackElo "2465"]
[PlyCount "107"]
[EventDate "1983.06.??"]
[EventType "swiss"]
[EventRounds "13"]
[EventCountry "YUG"]
[Source "ChessBase"]
[SourceDate "1997.11.17"]
[WhiteTeamCountry "ARG"]
[BlackTeamCountry "YUG"]

1. e4 d6 2. d4 Nf6 3. Nc3 g6 4. f4 Bg7 5. e5 dxe5 6. dxe5 Qxd1+ 7. Kxd1 Ng4 8.
Ke1 f6 9. h3 Nh6 10. exf6 exf6 11. g4 Be6 12. Nf3 Nc6 13. Bb5 O-O-O 14. Bxc6
bxc6 15. Kf2 Rhe8 16. Bd2 f5 17. g5 Nf7 18. Be3 a6 19. Na4 Nd6 20. Nd2 Re7 21.
Rhe1 Rde8 22. c3 Nc4 23. b3 Nd6 24. Rac1 Bd5 25. Bc5 Rxe1 26. Rxe1 Rxe1 27.
Kxe1 Bg2 28. h4 Ne4 29. Nxe4 Bxe4 30. Kd2 a5 31. Ba3 Bb1 32. c4 Bd4 33. Bb2 Bf2
34. Be5 Be4 35. Bc3 Bxh4 36. Ke3 Bb1 37. a3 Ba2 38. Nc5 a4 39. bxa4 Bxc4 40.
Kd4 Be2 41. Ke5 Bf3 42. Bd4 Bg3 43. a5 Kb8 44. Nd7+ Kb7 45. Nf8 Be1 46. Nxh7
Bxa5 47. Nf8 Bh5 48. Kf6 c5 49. Bxc5 Kc6 50. Bb4 Bxb4 51. axb4 Kb5 52. Nxg6
Kxb4 53. Ne5 c5 54. g6 1-0

[Event "Bela Crkva op"]
[Site "Bela Crkva"]
[Date "1984.??.??"]
[Round "?"]
[White "Velimirovic, Dragoljub"]
[Black "Ciric, Dragoljub"]
[Result "1/2-1/2"]
[WhiteElo "2500"]
[BlackElo "2420"]
[PlyCount "102"]
[EventDate "1984.??.??"]
[EventType "swiss"]
[EventRounds "9"]
[EventCountry "YUG"]
[Source "ChessBase"]
[SourceDate "1999.11.16"]
[WhiteTeamCountry "ARG"]
[BlackTeamCountry "YUG"]

1. e4 c6 2. d4 d5 3. exd5 cxd5 4. c4 Nf6 5. Nc3 e6 6. Nf3 Bb4 7. Bd3 dxc4 8.
Bxc4 O-O 9. O-O Nbd7 10. Bg5 Bxc3 11. bxc3 Qc7 12. Bb3 b6 13. Re1 Bb7 14. Rc1
Ne4 15. Bh4 Qf4 16. Qd3 Ndf6 17. Bg3 Nxg3 18. hxg3 Qd6 19. Ne5 Nd7 20. Bc2 g6
21. Nf3 Rac8 22. Qe3 Bxf3 23. gxf3 Nf6 24. Bd3 Rc7 25. Red1 Nd5 26. Qe1 Rfc8
27. Ba6 Rb8 28. Bb5 Rbc8 29. c4 Qa3 30. Rb1 Ne7 31. Qe3 Qd6 32. f4 Nf5 33. Qe5
Rd8 34. d5 Rc5 35. Qxd6 Rxd6 36. dxe6 Rxe6 37. Rd7 Re7 38. Rbd1 Rc7 39. Rd8+
Kg7 40. g4 Nh4 41. Kh2 g5 42. Kg3 f6 43. f5 a6 44. Bxa6 Ra7 45. Bc8 Ra3+ 46.
R1d3 Rxa2 47. R8d7 Rxd7 48. Rxd7+ Kf8 49. Rd6 Ra3+ 50. Kh2 Ra2 51. Kg3 Ra3+
1/2-1/2

[Event "Bela Crkva op"]
[Site "Bela Crkva"]
[Date "1984.??.??"]
[Round "?"]
[White "Velimirovic, Dragoljub"]
[Black "Gaprindashvili, Nona"]
[Result "1/2-1/2"]
[WhiteElo "2500"]
[BlackElo "2330"]
[PlyCount "94"]
[EventDate "1984.??.??"]
[EventType "swiss"]
[EventRounds "9"]
[EventCountry "YUG"]
[Source "ChessBase"]
[SourceDate "1999.11.16"]
[WhiteTeamCountry "ARG"]
[BlackTeamCountry "YUG"]

1. e4 c5 2. Nf3 d6 3. d4 cxd4 4. Nxd4 Nf6 5. Nc3 a6 6. Bg5 e6 7. f4 Qc7 8. Qf3
b5 9. f5 b4 10. Ncb5 axb5 11. Bxb5+ Bd7 12. fxe6 Bxb5 13. Nxb5 Qc5 14. Bxf6
Qxb5 15. Bxg7 Bxg7 16. Qxf7+ Kd8 17. Qxg7 Re8 18. Rf1 b3 $3 19. cxb3 (19. Qf6+
Kc7 20. Qc3+ Nc6 21. Qxb3 Qxb3 22. cxb3 Rxe6 $11) 19... Qb4+ 20. Kf2 Qc5+ 21.
Kg3 Ra7 22. Qf6+ Rae7 23. Rad1 (23. h3 Nc6 24. Kh2 Qe5+ 25. Qxe5 Nxe5 $11)
23... Rg8+ 24. Kh4 Nc6 25. Rd5 Qb4 26. Rf4 Rxg2 27. e5 Qe1+ 28. Kh3 Rg3+ (28...
Qg1 29. Qf8+ Kc7 30. exd6+ Kb6 31. Rb4+ Nxb4 32. Qb8+ Rb7 (32... Ka6 33. dxe7
$18) 33. Rb5+ Kxb5 34. Qxb7+ Kc5 $13) 29. hxg3 Qh1+ 30. Kg4 Qxd5 31. exd6 Ne5+
32. Kh5 Nd7+ 33. Qg5 Qh1+ 34. Kg4 h5+ 35. Kf5 Qd5+ 36. Kg6 Qxd6 37. Qa5+ Nb6
38. Rf8+ Kc7 39. Qc3+ Kb7 40. Rf7 Qxe6+ 41. Qf6 Qg4+ 42. Kh6 Rxf7 43. Qxf7+ Nd7
44. Qd5+ Kb6 45. Qd6+ Kb7 46. b4 h4 47. Qd5+ Kc7 1/2-1/2

[Event "Bela Crkva op"]
[Site "Bela Crkva"]
[Date "1984.??.??"]
[Round "?"]
[White "Velimirovic, Dragoljub"]
[Black "Kurajica, Bojan"]
[Result "1/2-1/2"]
[WhiteElo "2500"]
[BlackElo "2495"]
[PlyCount "104"]
[EventDate "1984.??.??"]
[EventType "swiss"]
[EventRounds "9"]
[EventCountry "YUG"]
[Source "ChessBase"]
[SourceDate "1999.11.16"]
[WhiteTeamCountry "ARG"]
[BlackTeamCountry "YUG"]

1. e4 e5 2. Nf3 Nf6 3. Nxe5 d6 4. Nf3 Nxe4 5. d4 d5 6. Bd3 Be7 7. O-O Nc6 8.
Re1 Bg4 9. c4 Nf6 10. cxd5 Bxf3 11. Qxf3 Qxd5 12. Qh3 $5 Qxd4 $5 13. Nc3 Rd8
14. Bf5 h5 15. Qg3 Kf8 16. Be3 Qb4 17. a3 Qa5 18. Qf3 g6 19. Bc2 h4 20. Ba4 $5
h3 21. Bxc6 bxc6 22. g4 $2 {>=22.g3} Kg7 23. b4 Qa6 24. Bg5 Rd3 25. Qf4 Bd8 $17
26. Rad1 Rxd1 27. Rxd1 Re8 28. Qd4 Qb6 29. Be3 c5 $1 30. bxc5 $8 Qc6 31. Kf1
Qg2+ 32. Ke2 Qxg4+ 33. Qxg4 Nxg4 34. Kf3 Nxe3 35. fxe3 Be7 36. c6 Bc5 37. Ne4
Bb6 38. Rd7 Re6 39. Ng5 Rxe3+ 40. Kf4 Rc3 41. Rxf7+ Kg8 42. Rf6 Kg7 43. Rf7+
Kg8 44. Rf6 Rc4+ 45. Kg3 Kg7 46. Re6 Ra4 47. Nf3 Kf7 48. Ng5+ Kg7 49. Re4 Rxa3+
50. Kg4 Kf6 $6 51. Re6+ Kg7 52. Re7+ Kf6 $11 1/2-1/2

[Event "Bela Crkva op"]
[Site "Bela Crkva"]
[Date "1984.??.??"]
[Round "?"]
[White "Velimirovic, Dragoljub"]
[Black "Nikolic, Vasilije"]
[Result "1-0"]
[WhiteElo "2500"]
[BlackElo "2305"]
[PlyCount "83"]
[EventDate "1984.??.??"]
[EventType "swiss"]
[EventRounds "9"]
[EventCountry "YUG"]
[Source "ChessBase"]
[SourceDate "1999.11.16"]
[WhiteTeamCountry "ARG"]
[BlackTeamCountry "YUG"]

1. e4 e5 2. Nf3 d6 3. d4 Nf6 4. dxe5 Nxe4 5. Qd5 Nc5 (5... f5 $5) 6. Bg5 (6.
Ng5 Be6 (6... Qd7 7. Bc4 Ne6 8. exd6 Qxd6 9. Nxe6 $14) 7. Nxe6 fxe6 8. Qf3 Nbd7
9. exd6 Bxd6 10. Nc3 Qh4 11. g3 Ne5 $17 {Steiner-Alekhine}) (6. exd6 {
--> Karklins-Leverett}) 6... Qd7 (6... Be7 {--> Seyffer-Hoermann} 7. exd6 Qxd6
8. Nc3 h6 (8... O-O 9. O-O-O $16) (8... c6 9. Qxd6 Bxd6 10. O-O-O $16) (8...
Qxd5 9. Nxd5 Bd6 10. O-O-O O-O 11. Be7 $16) 9. Be3 c6 10. Qxd6 Bxd6 11. O-O-O
Be7 12. Bc4 $14) (6... f6 7. exf6 gxf6 8. Be3 Be6 9. Qh5+ Bf7 10. Qh4 $16 {
Maroczy-Bogoljubov,Bled 1931}) 7. Nc3 (7. exd6 Bxd6 8. Nc3 O-O 9. O-O-O Qg4 10.
h3 Qh5 11. Be2 Be6 (11... h6 12. Be7 $1 Qxd5 13. Nxd5 Bxe7 14. Nxe7+ Kh8 15.
Nxc8 Rxc8 16. Rhe1 $16) 12. Qd2 h6 13. Bf4 $16) 7... c6 (7... Ne6 $142 8. O-O-O
c6 9. Qd2 d5 10. Bd3 Bb4 $13) 8. Qd2 dxe5 9. Nxe5 Qxd2+ 10. Bxd2 $14 Be6 11.
O-O-O Nbd7 12. Nf3 Nb6 13. Nd4 Bd7 14. Bg5 Ne6 15. Nxe6 Bxe6 16. Nb5 Nd5 17.
Bc4 Be7 18. Bxe7 Kxe7 19. Bxd5 cxd5 20. Rhe1 Kf6 21. Rd3 Rhd8 22. Nd4 g6 23.
Rf3+ Ke7 24. g4 Re8 25. Rb3 Kf6 26. Rxb7 Bxg4 27. Rxe8 Rxe8 28. Rxa7 Re1+ 29.
Kd2 Rh1 30. b4 Rxh2 31. Ke3 Rh1 32. b5 Rb1 33. f3 Bf5 34. a4 h5 35. Ra8 h4 36.
Nxf5 Kxf5 37. Kd4 Kf4 38. Kc5 f5 39. b6 g5 40. a5 Kxf3 41. a6 g4 42. a7 1-0

[Event "YUG-ch"]
[Site "Yugoslavia"]
[Date "1984.??.??"]
[Round "1"]
[White "Barlov, Dragan"]
[Black "Velimirovic, Dragoljub"]
[Result "0-1"]
[WhiteElo "2410"]
[BlackElo "2500"]
[PlyCount "108"]
[EventDate "1984.02.??"]
[EventType "tourn"]
[EventRounds "17"]
[EventCountry "YUG"]
[EventCategory "9"]
[Source "ChessBase"]
[SourceDate "1999.07.01"]
[WhiteTeamCountry "ARG"]
[BlackTeamCountry "YUG"]

1. c4 Nf6 2. Nf3 c5 3. Nc3 Nc6 4. g3 g6 5. Bg2 Bg7 6. O-O O-O 7. d4 d6 8. d5
Na5 9. Nd2 e5 10. Qc2 Bd7 11. b3 Ng4 12. e4 a6 13. Bb2 b5 14. Nd1 Rb8 15. Bc3
b4 16. Bb2 Nb7 17. f3 Nh6 18. Nf2 a5 19. a3 Qb6 20. Bh3 Bxh3 21. Nxh3 f6 22.
Nf2 Nf7 23. Kg2 Ra8 24. h4 Rfb8 25. a4 Qd8 26. Nd3 Qd7 27. f4 Re8 28. Rae1 Re7
29. Qd1 Rae8 30. f5 gxf5 31. exf5 e4 32. Nf4 e3 33. Nf3 Qxf5 34. Ne6 Qe4 35.
Qb1 Qxb1 36. Rxb1 Bh8 37. Rbe1 Nbd8 38. Nxd8 Nxd8 39. Re2 Bg7 40. Nh2 Re4 41.
Rf3 Nf7 42. Nf1 f5 43. Bxg7 Kxg7 44. Rxf5 Nh6 45. Rf3 Ng4 46. Nh2 h5 47. Rf4
Nxh2 48. Rxe4 Rxe4 49. Kxh2 Kf6 50. Kg2 Ke5 51. Kf3 Kd4 52. Re1 Re8 53. Ke2 Rf8
54. Rd1+ Ke4 0-1

[Event "YUG-ch"]
[Site "Yugoslavia"]
[Date "1984.??.??"]
[Round "2"]
[White "Velimirovic, Dragoljub"]
[Black "Abramovic, Bosko"]
[Result "1-0"]
[WhiteElo "2500"]
[BlackElo "2495"]
[PlyCount "81"]
[EventDate "1984.02.??"]
[EventType "tourn"]
[EventRounds "17"]
[EventCountry "YUG"]
[EventCategory "9"]
[Source "ChessBase"]
[SourceDate "1999.07.01"]
[WhiteTeamCountry "ARG"]
[BlackTeamCountry "YUG"]

1. e4 e5 2. Nf3 Nc6 3. c3 Nf6 4. d4 Nxe4 5. d5 Ne7 6. Nxe5 Ng6 7. Qd4 Qf6 8.
Qxe4 Qxe5 9. Qxe5+ Nxe5 10. Be3 b6 11. Bd4 f6 12. Nd2 Bc5 13. Bxe5 fxe5 14. Ne4
Bb7 15. Rd1 Be7 16. Bc4 Rf8 17. g3 O-O-O 18. Ke2 Kb8 19. Rd3 a6 20. Rhd1 Bc8
21. Rf3 Rxf3 22. Kxf3 Rf8+ 23. Ke3 Kb7 24. f3 d6 25. Bd3 Bd7 26. Nf2 Rh8 27. b3
b5 28. Be4 Kb6 29. Nd3 h5 30. c4 h4 31. c5+ dxc5 32. Nxe5 Be8 33. f4 Bd6 34. g4
g5 35. Bf5 gxf4+ 36. Kxf4 c4 37. bxc4 bxc4 38. Ke4 Kc5 39. Rc1 Bb5 40. a4 Bxa4
41. Rxc4+ 1-0

[Event "YUG-ch"]
[Site "Yugoslavia"]
[Date "1984.??.??"]
[Round "3"]
[White "Djuric, Stefan"]
[Black "Velimirovic, Dragoljub"]
[Result "0-1"]
[WhiteElo "2500"]
[BlackElo "2500"]
[PlyCount "142"]
[EventDate "1984.02.??"]
[EventType "tourn"]
[EventRounds "17"]
[EventCountry "YUG"]
[EventCategory "9"]
[Source "ChessBase"]
[SourceDate "1999.07.01"]
[WhiteTeamCountry "ARG"]
[BlackTeamCountry "YUG"]

1. c4 e6 2. Nf3 Nf6 3. Nc3 Bb4 4. Qc2 Bxc3 5. Qxc3 b6 6. g3 Bb7 7. Bg2 O-O 8.
O-O d6 9. a3 Nbd7 10. b3 Qe7 11. Bb2 Rfe8 12. Rfd1 Rac8 13. a4 a5 14. b4 Ra8
15. bxa5 Rxa5 16. Nd4 Bxg2 17. Kxg2 Qd8 18. Kg1 Qa8 19. Nb5 Qb7 20. Qf3 Qxf3
21. exf3 Rc8 22. Bc3 Ra6 23. a5 bxa5 24. Rxa5 Rxa5 25. Bxa5 Ne8 26. d4 Kf8 27.
f4 Ndf6 28. Re1 g6 29. Kg2 d5 30. c5 Ng8 31. Rc1 Ne7 32. c6 Nf5 33. Bb4+ Kg8
34. g4 Rb8 35. gxf5 Rxb5 36. Bc5 exf5 37. Ra1 Rb8 38. Kf3 Ng7 39. Ra7 Rb3+ 40.
Ke2 Ne6 41. Rb7 Rc3 42. Kd2 Rc4 43. Rb8+ Kg7 44. Rc8 Kf6 45. f3 Nxc5 46. dxc5
Rxf4 47. Rxc7 Rc4 48. f4 Rxc5 49. Ke3 Ke6 50. h4 Rc3+ 51. Kd4 Rc4+ 52. Ke3 h5
53. Kf3 Kd6 54. Rd7+ Kxc6 55. Rxf7 Rc3+ 56. Kf2 d4 57. Rf6+ Kd5 58. Rxg6 Ke4
59. Rh6 Rc2+ 60. Kg3 d3 61. Re6+ Kd4 62. Kf3 Rh2 63. Rd6+ Kc5 64. Rd8 Rxh4 65.
Rf8 Rh1 66. Ke3 Rh3+ 67. Kf2 Kd4 68. Rxf5 Rh1 69. Rf8 d2 70. Rd8+ Kc3 71. Rc8+
Kb4 0-1

[Event "YUG-ch"]
[Site "Yugoslavia"]
[Date "1984.??.??"]
[Round "5"]
[White "Cebalo, Miso"]
[Black "Velimirovic, Dragoljub"]
[Result "1-0"]
[WhiteElo "2485"]
[BlackElo "2500"]
[PlyCount "83"]
[EventDate "1984.02.??"]
[EventType "tourn"]
[EventRounds "17"]
[EventCountry "YUG"]
[EventCategory "9"]
[Source "ChessBase"]
[SourceDate "1999.07.01"]
[WhiteTeamCountry "ARG"]
[BlackTeamCountry "YUG"]

1. c4 e6 2. d4 Nf6 3. Nc3 Bb4 4. e3 c5 5. Nge2 cxd4 6. exd4 O-O 7. a3 Be7 8.
Nf4 d5 9. cxd5 Nxd5 10. Ncxd5 exd5 11. Bd3 Nc6 12. Be3 Bg5 13. O-O Bxf4 14.
Bxf4 Qf6 15. Qh5 g6 16. Be5 Qe7 17. Qd1 Nxe5 18. Re1 f6 19. f4 Be6 20. fxe5 f5
21. Qd2 Rac8 22. Rac1 Qh4 23. Be2 f4 24. Bf3 g5 25. Qf2 Qxf2+ 26. Kxf2 g4 27.
Be2 h5 28. g3 f3 29. Bd3 Kg7 30. b4 Kh6 31. Rc5 Kg5 32. Rec1 Rxc5 33. Rxc5 Rf7
34. a4 h4 35. a5 hxg3+ 36. hxg3 Bf5 37. Rxd5 Bxd3 38. e6+ Rf5 39. e7 Rxd5 40.
e8=Q Bg6 41. Qe6 Rb5 42. d5 1-0

[Event "YUG-ch"]
[Site "Yugoslavia"]
[Date "1984.??.??"]
[Round "6"]
[White "Velimirovic, Dragoljub"]
[Black "Kovacevic, Vlatko"]
[Result "1/2-1/2"]
[WhiteElo "2500"]
[BlackElo "2555"]
[PlyCount "80"]
[EventDate "1984.02.??"]
[EventType "tourn"]
[EventRounds "17"]
[EventCountry "YUG"]
[EventCategory "9"]
[Source "ChessBase"]
[SourceDate "1999.07.01"]
[WhiteTeamCountry "ARG"]
[BlackTeamCountry "YUG"]

1. e4 Nf6 2. e5 Nd5 3. d4 d6 4. c4 Nb6 5. f4 dxe5 6. fxe5 Nc6 7. Be3 Bf5 8. Nc3
e6 9. Nf3 Be7 10. d5 exd5 11. cxd5 Nb4 12. Nd4 Bd7 13. e6 fxe6 14. dxe6 Bc6 15.
Qg4 Bh4+ 16. g3 Bxh1 17. Bb5+ c6 18. O-O-O O-O 19. gxh4 h5 20. Qg3 cxb5 21. Bg5
Qb8 22. e7 Re8 23. Rxh1 Qxg3 24. hxg3 Rac8 25. Kb1 a6 26. Ne4 Rc7 27. Nf5 Nc8
28. Rc1 Rxc1+ 29. Kxc1 Nd5 30. Ned6 Nxd6 31. Nxd6 Rxe7 32. Bxe7 Nxe7 33. Kd2 b6
34. Ke3 g6 35. Kf4 Kg7 36. Kg5 Nd5 37. Ne8+ Kf7 38. Nd6+ Kg7 39. Ne8+ Kf7 40.
Nd6+ Kg7 1/2-1/2

[Event "YUG-ch"]
[Site "Yugoslavia"]
[Date "1984.??.??"]
[Round "7"]
[White "Hulak, Krunoslav"]
[Black "Velimirovic, Dragoljub"]
[Result "0-1"]
[WhiteElo "2510"]
[BlackElo "2500"]
[PlyCount "70"]
[EventDate "1984.02.??"]
[EventType "tourn"]
[EventRounds "17"]
[EventCountry "YUG"]
[EventCategory "9"]
[Source "ChessBase"]
[SourceDate "1999.07.01"]
[WhiteTeamCountry "ARG"]
[BlackTeamCountry "YUG"]

1. d4 Nf6 2. c4 c5 3. d5 g6 4. Nf3 Bg7 5. Nc3 d6 6. e4 O-O 7. Be2 e5 8. O-O Nh5
9. g3 Bh3 10. Re1 Bg4 11. Nh4 Bxe2 12. Qxe2 Bf6 13. Ng2 Nd7 14. f4 exf4 15.
gxf4 Bxc3 16. bxc3 Re8 17. Qf3 f5 18. Rb1 b6 19. Bd2 Ng7 20. Re2 fxe4 21. Rxe4
Rxe4 22. Qxe4 Nf6 23. Qd3 Qd7 24. Re1 Re8 25. Rxe8+ Qxe8 26. Ne3 Qa4 27. Qc2
Qd7 28. Qd3 Nfh5 29. Qe4 Kf7 30. Be1 Qh3 31. Bf2 Nf6 32. Qg2 Qh5 33. Be1 Nf5
34. Nxf5 gxf5 35. Kf1 Ng4 0-1

[Event "YUG-ch"]
[Site "Yugoslavia"]
[Date "1984.??.??"]
[Round "8"]
[White "Velimirovic, Dragoljub"]
[Black "Rukavina, Josip"]
[Result "0-1"]
[WhiteElo "2500"]
[BlackElo "2455"]
[PlyCount "88"]
[EventDate "1984.02.??"]
[EventType "tourn"]
[EventRounds "17"]
[EventCountry "YUG"]
[EventCategory "9"]
[Source "ChessBase"]
[SourceDate "1999.07.01"]
[WhiteTeamCountry "ARG"]
[BlackTeamCountry "YUG"]

1. e4 d6 2. d4 g6 3. Nc3 Bg7 4. f4 c6 5. Nf3 Bg4 6. Be3 Qb6 7. Qd2 Bxf3 8. gxf3
Nd7 9. O-O-O Qa5 10. Rg1 b5 11. a3 Rb8 12. Na2 Qc7 13. Nb4 Rb7 14. d5 c5 15.
Nc6 a6 16. Qa5 Rb6 17. Bh3 Ngf6 18. Qd2 Nb8 19. e5 Nxd5 20. Nxb8 Nxe3 21. Qxe3
Qxb8 22. e6 f5 23. Bxf5 Rf8 24. Bh3 Bd4 25. Rxd4 cxd4 26. Qxd4 Qc7 27. f5 Qc5
28. Qxc5 dxc5 29. fxg6 hxg6 30. Rxg6 Rxf3 31. Bg4 Rf1+ 32. Kd2 Kd8 33. Rg5 Rf2+
34. Kc3 Rg2 35. h3 Rg3+ 36. Kd2 c4 37. Rg8+ Kc7 38. Re8 Kd6 39. Ke2 Rg2+ 40.
Kd1 b4 41. axb4 Rxb4 42. Kc1 Ra4 43. Rd8+ Ke5 44. Kb1 Rg1+ 0-1